01187nam a2200289 a 4500001001000000003000500010005001700015008004100032010001100073011001100084040000900095100003700104245020100141260004100342500006000383502009600443650003700539650003400576650003400610650002700644650003400671650003100705650003100736650002400767700003600791856007000827000112135CHAP20220329144247.0151207s2015 mx a fsm |||||||spa d a108596 a109568 cCHAP1 aGalicia Cervantes, María Elena10aGanancia de peso en corderos y cabritos en crecimiento alimentados con dos niveles de proteina en la ración /h[En línea]cpor María Elena Galicia Cervantes y Adrián Nevárez Domínguez. aBermejillo, Dgo. :bEl autor,c2015. aPara ver el contenido del material haga clic en la liga aTesis (Ing. en Sistemas Pecuarios) -- UACH. Unidad Regional Universitaria de Zonas Áridas14aGanado cabríoxAlimentación.14aGanado cabríoxCrecimiento.14aGanado cabríoxNutrición.14aGanado cabríoxPeso.14aGanado lanarxAlimentación.14aGanado lanarxCrecimiento.14aGanado lanarxNutrición.14aGanado lanarxPeso.1 aNevárez Domínguez, Adrián aFinding aiduhttp://10.13.5.2/tesis/sist112135.pdfzTeclea aquí